000 00355nam a2200145Ia 4500
005 20251222152700.0
008 251222s9999||||xx |||||||||||||| ||spa||
020 _a9871220456
082 _a800/A62
100 _aAntelo, Raúl
245 0 _aMarÍa con Marcel Duchan en los Trópicos
250 _a1ra.ed.
264 _bSiglo XXI Editores
942 _cLIB
999 _c28785
_d28785